000 00251nam a2200097Ia 4500
005 20251222114414.0
008 251222s1900||||xx |||||||||||||| ||spa||
082 _aDVD0150/H22/2006/Ej.2
245 4 _aThe nativity story:La historia de navidad
942 _cDVD
999 _c2146
_d2146